000
00253nam a2200109Ia 4500
008
190216s9999||||xx |||||||||||||| ||und||
100
_a
University Of Travancore
245
0
_a
Terms Of Botany
260
_b
Dept Of Physics
650
_a
Botany
942
_c
BK
999
_c
1094
_d
1094